[Event "Mumbai Wealth op U13 4th"]
[Site "Mumbai"]
[Date "2019.01.06"]
[Round "8"]
[White "Yash, Joshi"]
[Black "Adreeja, Sinha"]
[Result "1-0"]
[WhiteElo "1389"]
[BlackElo "1366"]
[PlyCount "99"]
[EventDate "2018.12.30"]
[EventType "swiss"]
[EventRounds "9"]
[EventCountry "IND"]
[SourceTitle "CBM 188 Extra"]
[Source "ChessBase"]
[SourceDate "2019.02.26"]
[SourceVersion "1"]
[SourceVersionDate "2019.02.26"]
[SourceQuality "1"]

1. e4 c5 2. Nf3 d6 3. d4 cxd4 4. Nxd4 Nf6 5. Nc3 g6 6. Be3 Bg7 7. f3 0-0 8. Qd2 Nc6 9. Bc4 Bd7 10. 0-0-0 Rb8 11. Bb3 Na5 12. g4 b5 13. Bh6 Nc4 14. Qg5 a5 15. Bxg7 Kxg7 16. Bxc4 bxc4 17. e5 Ne8 18. Nd5 e6 19. Qxd8 Rxd8 20. Nb6 d5 21. b3 cxb3 22. axb3 Nc7 23. Kb2 Be8 24. Ra1 Rb8 25. Na4 Bxa4 26. Rxa4 Rb4 27. Rxb4 axb4 28. Nc6 f6 29. Ra1 Kh6 30. Ra7 Nb5 31. Rb7 Nc3 32. Rxb4 Nd1+ 33. Kc1 Ne3 34. Rf4 Kg5 35. Rxf6 Rxf6 36. h4+ Kh6 37. exf6 g5 38. hxg5+ Kg6 39. Ne5+ Kxg5 40. f7 Kf6 41. f8Q+ Kxe5 42. Qb8+ Kf6 43. Qf4+ Kg6 44. Qxe3 d4 45. Qxe6+ Kg7 46. g5 d3 47. Qf6+ Kg8 48. cxd3 h6 49. gxh6 Kh7 50. Qg7# 1-0